Applied geophysics

Wedi'i Gadw mewn:
Manylion Llyfryddiaeth
Prif Awduron: Telford, W. M (Awdur), Geldart, L. P (Awdur), Sheriff, R. E (Awdur)
Fformat: Llyfr
Iaith:Saesneg
Cyhoeddwyd: Cambridge Cambridge University 1999
Rhifyn:2a. ed
Pynciau:
Tagiau: Ychwanegu Tag
Dim Tagiau, Byddwch y cyntaf i dagio'r cofnod hwn!

MARC

LEADER 00000nam a2200000 a 4500
001 UCP7302
003 CL-VaPUC
008 991210e19990000uk |||||||||||||||||eng|d
082 0 4 |a 550  |b TEL  |2 21 
100 0 |a Telford, W. M  |e author  |9 436855 
700 0 |a Geldart, L. P  |e author  |9 436856 
700 0 |a Sheriff, R. E  |e author  |9 436857 
245 1 0 |a Applied geophysics 
250 |a 2a. ed 
300 |a 770 p 
942 |c BK 
945 |d 19991210 00:00:00  |a rbrito 
260 |a Cambridge  |b Cambridge University  |c 1999 
650 0 |a Geofísica  |9 261453 
650 0 |a Magnetismo  |9 260336 
650 0 |a Geología   |9 260984 
650 0 |a Minerales   |9 264051 
650 0 |a Electromagnetismo   |9 260123 
650 0 |a Radioactividad   |9 366299 
583 |a last modification  |c 20130806 08:04:00  |k Rodrigo Vera 
999 |c 284604  |d 284602 
952 |0 0  |1 0  |4 0  |6 550_000000000000000_TEL_1999  |7 0  |8 CCM  |9 328744  |a BIBCUR  |b BIBCUR  |d 2019-11-20  |i 3585727  |o 550 TEL 1999  |p 3585727  |r 2025-04-22  |w 2019-11-20  |y BK_R  |k CIM